000 01835naa a2200421 i 4500
001 193189
003 ES-MaACL
005 20240824191725.0
007 ta
008 230930s2002 sp f 001 0 spa c
017 _aM. 39027-2002
020 _a847491678X
035 _aRebiun16680711
040 _aSpMaUCSC.
_dUMH
_bspa
_cES-MaACL
080 _a615.014
080 _a615.015
080 _a614.27:658
100 _aPlasencia Cano, Manuela
_eaut
_9234286
245 1 0 _aManual de prácticas tuteladas en oficina de farmacia /
_cManuela Plasencia Cano
260 _aMadrid :
_bEditorial Complutense,
_c[2002]
300 _a312 p. ;
_c24 cm
336 _2rdacontent
_aTexto
337 _2rdamedia
_asin mediación
338 _2rdacarrier
_avolumen
500 _aÍndice
504 _aBibliografía: páginas [309]-310
520 _aRecoge, de manera esquemática, todas las cuestiones, funciones y facetas que se resuelven y desempeñan en una farmacia, y que se deben transmitir al alumno en las "Practicas tuteladas" durante su "estancia" en la Farmacia tutorial. Proporciona al farmacéutico tutor una guía práctica y útil para el desarrollo de su labor docente
650 0 4 _aAtención farmacéutica
_9234332
650 0 4 _aFarmacología
_912725
650 0 0 _aFarmacias-
_9234288
_xGestión
852 _aES-MaACL
_9200565
_bR.154596
_jN-9355
_cDEPOJ
_gDedicatoria autógrafa de la autora
_hDonación: Manuela Plasencia Cano
_fSello seco con las iniciales de la autora
_xEncuadernación rústica con solapas
903 _aPlasencia Cano, Manuela
_ednr
_9234286
942 _n0
_cMONOGRAFIA
999 _c193189
_d193189